000 00290nam a22001337a 4500
008 180924b xxu||||| |||| 00| 0 eng d
020 _a2900078036216
041 _aeng
080 _a371
100 _a25
101 _aEDU
245 _aRead, Reason, Write
_cSeyler, D.U
942 _2udc
_cBK
999 _c48402
_d48402